The shifting frontiers of academic decision making : responding to new priorities, following new pathways
Αποθηκεύτηκε σε:
| Άλλοι συγγραφείς: | |
|---|---|
| Μορφή: | Βιβλίο |
| Γλώσσα: | English |
| Δημοσίευση: |
Westport, CT :
Praeger,
[c2006]
|
| Σειρά: | American Council on Education/Praeger series on higher education
|
| Θέματα: | |
| Ετικέτες: |
Προσθήκη ετικέτας
Δεν υπάρχουν, Καταχωρήστε ετικέτα πρώτοι!
|
MARC
| LEADER | 00000nam a2200000 i 4500 | ||
|---|---|---|---|
| 001 | 1/95228 | ||
| 008 | 081010s2006 eng d | ||
| 020 | |a 0-275-98792-2 (hbk.) | ||
| 035 | |l 10100793 | ||
| 040 | |a GR-MY-UA |b gre |e aacr | ||
| 041 | 0 | |a eng | |
| 082 | 0 | |a 378.101 |2 (22) | |
| 245 | 1 | 4 | |a The shifting frontiers of academic decision making : |b responding to new priorities, following new pathways / |c edited by Peter D. Eckel |
| 260 | |a Westport, CT : |b Praeger, |c [c2006] | ||
| 300 | |a x, 154 σ.; |c 24 εκ. | ||
| 490 | 1 | |a American Council on Education/Praeger series on higher education | |
| 504 | |a Περιλαμβάνει βιβλιογραφίες και ευρετήριο | ||
| 650 | 0 | 0 | |a Universities and colleges |x Administration. |
| 650 | 0 | 0 | |a Educational leadership. |
| 650 | 0 | 0 | |a Decision making. |
| 700 | 1 | |a Eckel, Peter D. |4 edt | |
| 830 | 0 | |a American Council on Education/Praeger series on higher education | |
| 852 | |a INST |b RHODES |e 20081010 |h 378.101 SHI |p 005400031051 |q 005400031051 |t BK |y 0 | ||
| 901 | |a BIBL4-2008-3 | ||
| 909 | |a Ρ |b 153888 | ||
| 922 | |a 4ΕΛΗ |b 200809 |c ΕΠΕΑΕΚ2/ΤΕΠΑΕΣ |d ΜΙΧΑΛΟΠΟΥΛΟΣ | ||
| 970 | |a ΚΟΖΑ |b ΜΑΡΙΑ |z 2008/10/10 | ||